[Event "36th Olympiad w"]
[Site "Calvia ESP"]
[Date "2004.10.15"]
[Round "1"]
[White "Bjerke,S"]
[Black "Xu Yuhua"]
[Result "1/2-1/2"]
[WhiteElo "2142"]
[BlackElo "2487"]
[EventDate "2004.10.15"]

1. d4 Nf6 2. c4 e6 3. Nc3 Bb4 4. Qc2 O-O 5. a3 Bxc3+ 6. Qxc3 b6 7. Bg5 Bb7
8. f3 d5 9. e3 Re8 10. Bd3 h6 11. Bh4 Nbd7 12. Ne2 c5 13. cxd5 Nxd5 14.
Bxd8 Nxc3 15. Bxb6 axb6 16. bxc3 Ra5 17. O-O Rea8 18. a4 Bc6 19. Bc2 Bxa4
20. Rxa4 Rxa4 21. Bxa4 Rxa4 22. dxc5 bxc5 23. Rd1 Nb6 24. e4 Ra2 25. Kf2
Na4 26. Rd8+ Kh7 27. Ke3 e5 28. Rc8 f6 29. Rc7 h5 30. h4 Kh6 31. Rc6 Kh7
32. Rc7 Kh6 33. Rc6 1/2-1/2

[Event "36th Olympiad w"]
[Site "Calvia ESP"]
[Date "2004.10.15"]
[Round "1"]
[White "Zhao Xue"]
[Black "Berntsen,S"]
[Result "1-0"]
[WhiteElo "2487"]
[BlackElo "2118"]
[EventDate "2004.10.15"]

1. d4 d5 2. c4 c6 3. Nc3 e5 4. e3 e4 5. Bd2 Nf6 6. Qb3 Be7 7. Nh3 dxc4 8.
Bxc4 O-O 9. Ng5 Qe8 10. Ngxe4 Nxe4 11. Nxe4 Kh8 12. Ng3 f5 13. Ne2 Bd6 14.
Bb4 Bxb4+ 15. Qxb4 f4 16. exf4 Rxf4 17. O-O Rf8 18. Rfe1 Qd8 19. Ng3 b6 20.
Ne4 Bf5 21. Nd6 Bg6 22. Re6 a5 23. Qc3 Ra7 24. Rxg6 b5 25. Bb3 a4 26. Bc2
Qd7 27. Qg3 Rd8 28. Re1 Kg8 29. Rge6 1-0

[Event "36th Olympiad w"]
[Site "Calvia ESP"]
[Date "2004.10.15"]
[Round "1"]
[White "Thorsteinsdottir,G"]
[Black "Kosintseva,T"]
[Result "0-1"]
[WhiteElo "2130"]
[BlackElo "2493"]
[EventDate "2004.10.15"]

1. d4 Nf6 2. c4 e6 3. Nc3 Bb4 4. Qc2 O-O 5. Nf3 b6 6. Bg5 Ba6 7. e3 d6 8.
a3 Bxc3+ 9. Qxc3 Nbd7 10. Qc2 c5 11. Be2 cxd4 12. exd4 Rc8 13. Qa4 Nb8 14.
O-O d5 15. Rac1 dxc4 16. Bxc4 Rxc4 17. Rxc4 b5 18. Qc2 bxc4 19. Rd1 Nbd7
20. d5 exd5 21. Rxd5 Qb6 22. Rd4 Re8 23. h3 Ne5 24. Rh4 Nxf3+ 25. gxf3 h6
26. Bxh6 gxh6 27. Rxh6 Re5 28. Qd2 Rh5 0-1

[Event "36th Olympiad w"]
[Site "Calvia ESP"]
[Date "2004.10.15"]
[Round "1"]
[White "Kosintseva,N"]
[Black "Ingolfsdottir,H"]
[Result "1-0"]
[WhiteElo "2446"]
[BlackElo "2053"]
[EventDate "2004.10.15"]

1. e4 e6 2. d4 d5 3. Nc3 Nf6 4. e5 Nfd7 5. f4 c5 6. Nf3 Nc6 7. Ne2 cxd4 8.
Nexd4 Nxd4 9. Nxd4 Bc5 10. c3 Nxe5 11. fxe5 Qh4+ 12. Kd2 Qf4+ 13. Kc2 Qxe5
14. Bb5+ Bd7 15. Bxd7+ Kxd7 16. Qd3 a6 17. Nf3 Qc7 18. Be3 Bd6 19. Rad1 Qa5
20. Kb1 Rac8 21. Ng5 f6 22. Nf7 Rhf8 23. Nxd6 Kxd6 24. b4 Qa3 25. Bc5+ Rxc5
26. bxc5+ Qxc5 27. c4 Rc8 28. Qg3+ Kc6 29. cxd5+ 1-0

[Event "36th Olympiad w"]
[Site "Calvia ESP"]
[Date "2004.10.15"]
[Round "1"]
[White "Martinez Aleidi,J"]
[Black "Shahade,J"]
[Result "1/2-1/2"]
[WhiteElo "2201"]
[BlackElo "2361"]
[EventDate "2004.10.15"]

1. e4 d6 2. d4 Nf6 3. Nc3 g6 4. Nf3 Bg7 5. Bc4 Nc6 6. d5 Nb8 7. Be3 Bg4 8.
h3 Bxf3 9. Qxf3 O-O 10. O-O Nbd7 11. Qe2 c6 12. a3 Nb6 13. Bb3 Rc8 14. a4
cxd5 15. exd5 Nbd7 16. Rfe1 Re8 17. a5 Nc5 18. Bc4 Nfd7 19. Bd2 Ne5 20. Bb5
Ncd7 21. a6 bxa6 22. Rxa6 f5 23. Rxa7 Rc7 24. Rea1 Rf8 25. Bc6 f4 26. Ra8
Rc8 27. Rxc8 Qxc8 28. Ra8 Nb8 29. Qe4 f3 30. g4 Qc7 31. Nb5 Qc8 32. Na7 Qa6
33. Nb5 Qc8 1/2-1/2

[Event "36th Olympiad w"]
[Site "Calvia ESP"]
[Date "2004.10.15"]
[Round "1"]
[White "Dengler,D"]
[Black "Dzagnidze,N"]
[Result "0-1"]
[WhiteElo "2123"]
[BlackElo "2484"]
[EventDate "2004.10.15"]

1. d4 Nf6 2. Nf3 e6 3. e3 b6 4. Bd3 Bb7 5. b3 c5 6. Bb2 Be7 7. Nbd2 O-O 8.
O-O d6 9. Re1 Nbd7 10. c4 Rc8 11. Rc1 Rc7 12. Qe2 a6 13. Bb1 Qa8 14. e4
cxd4 15. Nxd4 g6 16. Nf1 e5 17. Nf3 Nc5 18. N3d2 Rfc8 19. Rcd1 b5 20. f3
Ne6 21. Kh1 Nf4 22. Qf2 Nd7 23. Ne3 Qa7 24. Qf1 Qb6 25. g3 Nh5 26. cxb5
axb5 27. Qh3 Ndf6 28. Qg2 Bf8 29. Qe2 Bh6 30. Ndf1 Ng7 31. Ng2 Ne6 32. f4
Nd4 33. Qf2 Ng4 34. Qd2 Nf3 0-1

[Event "36th Olympiad w"]
[Site "Calvia ESP"]
[Date "2004.10.15"]
[Round "1"]
[White "Lomineishvili,M"]
[Black "Dedijer,S"]
[Result "1-0"]
[WhiteElo "2429"]
[BlackElo "2064"]
[EventDate "2004.10.15"]

1. d4 d5 2. c4 dxc4 3. Nf3 Nf6 4. e3 e6 5. Bxc4 c5 6. O-O a6 7. Bd3 b5 8.
dxc5 Bxc5 9. e4 Nbd7 10. Qe2 Bb7 11. Nbd2 Qc7 12. a4 bxa4 13. Rxa4 a5 14.
Nb3 Bb4 15. Bd2 Bc6 16. Rc1 Qb6 17. Rxc6 Qxc6 18. Bb5 Qc8 19. Bxb4 axb4 20.
Rxa8 Qxa8 21. e5 Nd5 22. Nc5 N5b6 23. Qd1 Qd5 24. Qxd5 exd5 25. e6 fxe6 26.
Nxd7 Nxd7 27. Ne5 Ke7 28. Bxd7 Ra8 29. Bb5 Kd6 30. f4 Kc5 31. Be2 Kd4 32.
Kf2 Ra2 33. Nd3 b3 34. g4 g6 35. g5 Ke4 36. h3 1-0

[Event "36th Olympiad w"]
[Site "Calvia ESP"]
[Date "2004.10.15"]
[Round "1"]
[White "Garcia Garcia,E"]
[Black "Vijayalakshmi,S"]
[Result "1/2-1/2"]
[WhiteElo "2051"]
[BlackElo "2411"]
[EventDate "2004.10.15"]

1. e4 e5 2. Nf3 Nc6 3. d4 exd4 4. Nxd4 Nf6 5. Nxc6 bxc6 6. e5 Qe7 7. Qe2
Nd5 8. c4 Ba6 9. g3 g6 10. Bg2 Bg7 11. O-O O-O 12. Re1 Rae8 13. Qc2 Nb6 14.
b3 Bxe5 15. Bb2 Qf6 16. Nc3 Bd4 17. Rad1 c5 18. Ba1 Rxe1+ 19. Rxe1 Qg7 20.
Qc1 d6 21. Bc6 f5 22. Nd5 Nxd5 23. Bxd5+ Kh8 24. Bxd4 cxd4 25. Bc6 f4 26.
Re4 fxg3 27. hxg3 Bc8 28. Qd2 d3 29. Re3 Qa1+ 30. Re1 Qd4 31. Re4 Qf6 32.
Re3 Bf5 33. Be4 Qa1+ 34. Kg2 Qd4 35. Qxd3 Qxd3 36. Bxd3 Bxd3 37. Rxd3 Kg7
38. Re3 Kf6 39. f4 h5 40. Rd3 Re8 41. Kf2 Re6 42. Rd5 Re7 43. Ra5 c6 44.
Ra6 Rc7 45. Kf3 Ke6 46. Ke4 Kf6 47. Kf3 Kf5 48. Ra5+ Ke6 49. Ke4 Rh7 50.
Ra6 c5 51. Kf3 Rf7 52. Ke4 Rd7 53. Ra5 Rh7 54. Ra6 h4 55. gxh4 Rxh4 56. Kf3
Kf5 57. Rxd6 Rxf4+ 58. Kg3 Rd4 59. Rc6 Rd3+ 60. Kg2 g5 61. Rxc5+ Kf4 62.
Rd5 Rxd5 63. cxd5 Ke5 64. Kg3 Kxd5 65. Kg4 Kd4 66. Kxg5 Kc3 67. Kf4 Kb2 68.
b4 Kxa2 69. Ke3 Kb3 70. b5 Kb4 71. Kd3 Kxb5 1/2-1/2

[Event "36th Olympiad w"]
[Site "Calvia ESP"]
[Date "2004.10.15"]
[Round "1"]
[White "Coimbra,M"]
[Black "Collas,S"]
[Result "0-1"]
[WhiteElo "2079"]
[BlackElo "2349"]
[EventDate "2004.10.15"]

1. e4 c5 2. Nc3 Nc6 3. g3 g6 4. Bg2 Bg7 5. d3 Rb8 6. Be3 d6 7. Qd2 b5 8.
Nge2 b4 9. Nd1 Nd4 10. O-O h5 11. Nc1 h4 12. c3 Nc6 13. d4 cxd4 14. cxd4
hxg3 15. fxg3 Bh3 16. Qf2 f6 17. Nd3 Bxg2 18. Qxg2 Qd7 19. Rc1 Nd8 20. Nf4
g5 21. Nd5 Rb7 22. Qc2 Ne6 23. Nf2 Nh6 24. Qc8+ Qxc8 25. Rxc8+ Kd7 26. Rxh8
Bxh8 27. Rc1 f5 28. Rc4 b3 29. axb3 fxe4 30. Nxe4 Nf5 31. Bxg5 Rxb3 32. Ra4
Bxd4+ 33. Kf1 Nxg5 34. Nxg5 Rxb2 35. g4 Ne3+ 36. Nxe3 Bxe3 37. h4 d5 38.
Nf7 0-1

[Event "36th Olympiad w"]
[Site "Calvia ESP"]
[Date "2004.10.15"]
[Round "1"]
[White "Milliet,S"]
[Black "Pintor,A"]
[Result "1-0"]
[WhiteElo "2299"]
[BlackElo "2058"]
[EventDate "2004.10.15"]

1. e4 c6 2. d4 d5 3. Nc3 dxe4 4. Nxe4 Bf5 5. Ng3 Bg6 6. h4 h6 7. Nf3 Nd7 8.
h5 Bh7 9. Bd3 Bxd3 10. Qxd3 Ngf6 11. Bf4 Qa5+ 12. Bd2 Qc7 13. O-O-O e6 14.
Ne4 Nxe4 15. Qxe4 Nf6 16. Qe2 O-O-O 17. g3 Bd6 18. c4 c5 19. Bc3 cxd4 20.
Nxd4 a6 21. Kb1 Nd7 22. b4 Be5 23. Rc1 Bf6 24. c5 Nb8 25. c6 Qb6 26. Nxe6
Rd6 27. cxb7+ Kxb7 28. Nc5+ Ka7 29. Bxf6 Rxf6 30. Qe7+ Ka8 31. Qe4+ Ka7 32.
Rhd1 Rc8 33. Rc2 Rfc6 34. Rdc1 R6c7 35. Na4 Rxc2 36. Rxc2 Qb7 37. Qd4+ 1-0

[Event "36th Olympiad w"]
[Site "Calvia ESP"]
[Date "2004.10.15"]
[Round "1"]
[White "Starr,N"]
[Black "Voiska,M"]
[Result "0-1"]
[WhiteElo "2191"]
[BlackElo "2380"]
[EventDate "2004.10.15"]

1. e4 c5 2. Nc3 Nc6 3. f4 g6 4. Nf3 Bg7 5. Bc4 e6 6. f5 Nge7 7. fxe6 dxe6
8. d3 O-O 9. O-O Na5 10. Bb3 Nxb3 11. axb3 Nc6 12. Bg5 f6 13. Be3 b6 14.
Qd2 Bb7 15. Bh6 Nd4 16. Bxg7 Kxg7 17. Ne2 Nxf3+ 18. Rxf3 Bxe4 19. Rh3 g5
20. Qc3 Bg6 21. Rf1 e5 22. Re3 Qd5 23. Qc4 Rad8 24. Qxd5 Rxd5 25. Ng3 h5
26. Ref3 h4 27. Nf5+ Bxf5 28. Rxf5 Rd4 29. g3 a5 30. Ra1 Rfd8 31. Ra4 Kg6
32. Rf2 h3 33. Kf1 Rxa4 34. bxa4 Rd4 35. b3 e4 36. dxe4 Rxe4 37. Rd2 c4 38.
Kf2 g4 39. Rd6 cxb3 40. cxb3 Rb4 41. Rd3 Kf5 42. Ke3 Ke5 43. Rc3 f5 44. Rd3
Re4+ 45. Kf2 f4 46. gxf4+ Kxf4 47. Rd8 Rb4 48. Rd3 b5 49. axb5 Rxb5 50.
Rd4+ Kg5 51. Rd3 a4 52. bxa4 Rb2+ 53. Kg1 Rb1+ 54. Kf2 Rh1 55. Ra3 Rxh2+
56. Kf1 Rb2 0-1

[Event "36th Olympiad w"]
[Site "Calvia ESP"]
[Date "2004.10.15"]
[Round "1"]
[White "Goutor,V"]
[Black "Velcheva,M"]
[Result "0-1"]
[WhiteElo "2013"]
[BlackElo "2299"]
[EventDate "2004.10.15"]

1. e4 c5 2. Nf3 e6 3. d4 cxd4 4. Nxd4 Nc6 5. g3 a6 6. Bg2 Qc7 7. Nc3 h5 8.
h4 Nf6 9. O-O Bc5 10. Nxc6 dxc6 11. Bf4 e5 12. Bg5 Ng4 13. Qe2 Be6 14. Nd1
f6 15. Be3 Nxe3 16. Nxe3 O-O-O 17. c3 g5 18. Kh2 gxh4 19. gxh4 Rdg8 20. Bf3
f5 21. Ng2 Qf7 22. b3 fxe4 23. Bxe4 Rxg2+ 24. Kxg2 Rg8+ 25. Kh1 Qf4 26. f3
Rg3 0-1

[Event "36th Olympiad w"]
[Site "Calvia ESP"]
[Date "2004.10.15"]
[Round "1"]
[White "Foisor,C"]
[Black "Mira,H"]
[Result "0-1"]
[WhiteElo "2436"]
[BlackElo "2158"]
[EventDate "2004.10.15"]

1. c4 c5 2. g3 Nf6 3. Bg2 g6 4. Nc3 Bg7 5. e4 d6 6. Nge2 Nc6 7. d3 O-O 8.
h3 e6 9. O-O a6 10. Be3 Qc7 11. Rb1 Rb8 12. a4 b6 13. Qd2 Re8 14. b3 Bd7
15. g4 h5 16. g5 Nh7 17. f4 Ne7 18. b4 f5 19. b5 a5 20. h4 Rbd8 21. Ng3 Bc8
22. exf5 exf5 23. Nd5 Nxd5 24. Bxd5+ Be6 25. Qg2 Bxd5 26. Qxd5+ Qf7 27. Bf2
Qxd5 28. cxd5 Nf8 29. Rbc1 Nd7 30. Rfe1 Kf7 31. Nf1 Rxe1 32. Rxe1 Re8 33.
Rxe8 Kxe8 34. Nd2 Ke7 35. Nc4 Bc3 36. Kf1 Ba1 37. Ke2 Bc3 38. Be3 Bg7 39.
Bc1 Bd4 40. Bd2 Bg7 41. Kd1 Bd4 42. Be1 Bg7 43. Kc2 Bd4 44. Kb3 Bg7 45. Bc3
Bf8 46. Kc2 Kd8 47. Bh8 Kc7 48. Kc3 Kb7 49. Nd2 Be7 50. Bg7 Kc7 51. Kc4 Kd8
52. Nf3 Kc7 53. Bc3 Bd8 54. Be1 Be7 55. Bf2 Bf8 56. Be1 Be7 57. Bd2 Bd8 58.
Be3 Be7 59. d4 Bf8 60. dxc5 bxc5 61. Bd2 Nb6+ 62. Kb3 Nxd5 63. Bxa5+ Kb7
64. Bd2 Nc7 65. Kc2 Kb6 66. Ne1 d5 67. Bc3 d4 68. Bb2 Nd5 69. Nd3 Bd6 70.
Ne5 Bxe5 71. fxe5 f4 72. Kd2 f3 73. e6 Ka5 74. Ke1 d3 75. Kf2 d2 76. Bc3+
Nxc3 77. e7 d1=Q 78. e8=Q Qe2+ 79. Qxe2 fxe2 80. Ke1 Nxa4 0-1

[Event "36th Olympiad w"]
[Site "Calvia ESP"]
[Date "2004.10.15"]
[Round "1"]
[White "Kopinits,A"]
[Black "Olarasu,G"]
[Result "0-1"]
[WhiteElo "2114"]
[BlackElo "2325"]
[EventDate "2004.10.15"]

1. e4 e5 2. Nc3 Nf6 3. g3 Bc5 4. Bg2 Nc6 5. d3 a6 6. Nf3 d6 7. h3 O-O 8.
O-O h6 9. Nh4 Nh7 10. Kh2 Be6 11. f4 exf4 12. Nf5 Bxf5 13. exf5 fxg3+ 14.
Kh1 Nf6 15. Nd5 Nxd5 16. Bxd5 Qh4 17. Kg2 Bf2 18. c3 Rae8 19. a4 Re5 20.
Bb3 Rxf5 21. Bc2 Rh5 22. Rh1 Ne5 23. d4 Ng6 24. Bxg6 fxg6 25. Qb3+ Kh7 26.
Qxb7 d5 0-1

[Event "36th Olympiad w"]
[Site "Calvia ESP"]
[Date "2004.10.15"]
[Round "1"]
[White "Motoc,A"]
[Black "Horvath,Maria AUT"]
[Result "1-0"]
[WhiteElo "2359"]
[BlackElo "2094"]
[EventDate "2004.10.15"]

1. d4 d5 2. c4 c6 3. Nf3 Nf6 4. Nc3 a6 5. c5 Nbd7 6. Bf4 g6 7. e3 Bg7 8.
Bd3 Nh5 9. O-O O-O 10. Bg5 h6 11. Bh4 Qe8 12. e4 dxe4 13. Nxe4 Ndf6 14. Re1
Be6 15. Nxf6+ Nxf6 16. Bxg6 Bd5 17. Bc2 Qd8 18. Ne5 Re8 19. Re3 Nd7 20. Qd3
Nf8 21. Rg3 b6 22. Qe3 Kh8 23. Qf4 f6 24. Qg4 1-0

[Event "36th Olympiad w"]
[Site "Calvia ESP"]
[Date "2004.10.15"]
[Round "1"]
[White "Hamid,R"]
[Black "Maric,A"]
[Result "0-1"]
[WhiteElo "2164"]
[BlackElo "2418"]
[EventDate "2004.10.15"]

1. e4 e6 2. d4 d5 3. Nc3 Nf6 4. Bg5 dxe4 5. Nxe4 Be7 6. Bxf6 gxf6 7. Nf3 f5
8. Nc3 a6 9. Ne5 Nd7 10. Be2 Nxe5 11. dxe5 Qxd1+ 12. Rxd1 Bd7 13. Bf3 O-O-O
14. O-O c5 15. Rfe1 Kc7 16. Ne2 h5 17. Nf4 h4 18. b3 Bc6 19. Rxd8 Rxd8 20.
Bh5 Rf8 21. Rd1 b6 22. Kf1 Bg5 23. Nd3 Bh6 24. g3 hxg3 25. hxg3 Bg7 26. Ke2
Be4 27. f4 f6 28. exf6 Bxf6 29. Bf3 Rg8 30. Bxe4 fxe4 31. Nf2 Rxg3 32. Nxe4
Rg6 33. Nxf6 Rxf6 34. Ke3 Rh6 35. Rd2 Rh3+ 36. Ke4 Rh1 37. Ke5 Re1+ 38. Kf6
Re4 39. Kg5 b5 40. Rf2 Kd6 41. Kf6 Re3 42. Rd2+ Kc6 43. f5 exf5 44. Kxf5
Re1 45. Rd8 Re2 46. Rc8+ Kb6 47. Rb8+ Kc7 48. Ra8 Kb7 49. Rh8 Rxc2 50. Ke4
Rxa2 51. Kd5 Kb6 52. Rb8+ Ka5 53. Rc8 Rd2+ 54. Ke5 Rc2 55. Kd5 Rc3 56. Rxc5
Kb4 57. Rxc3 Kxc3 0-1

[Event "36th Olympiad w"]
[Site "Calvia ESP"]
[Date "2004.10.15"]
[Round "1"]
[White "Prudnikova,S"]
[Black "Parveen,S"]
[Result "1-0"]
[WhiteElo "2402"]
[BlackElo "2139"]
[EventDate "2004.10.15"]

1. d4 Nf6 2. g3 e6 3. Bg2 c5 4. Nf3 Nc6 5. c4 cxd4 6. Nxd4 Bb4+ 7. Bd2
Bxd2+ 8. Qxd2 Nxd4 9. Qxd4 Qa5+ 10. Nc3 O-O 11. O-O a6 12. c5 Qc7 13. Rfd1
Ne8 14. Rac1 f5 15. f4 Qd8 16. Na4 Rf7 17. Nb6 Rb8 18. Rc3 h6 19. Qe5 Qc7
20. Qxc7 Nxc7 21. Rcd3 Ne8 22. Nxd7 Bxd7 23. Rxd7 Nf6 24. Rd8+ Rf8 25.
Rxf8+ Kxf8 26. b4 Ke7 27. h3 Ne8 28. e4 fxe4 29. Bxe4 b6 30. cxb6 Rxb6 31.
a3 Nd6 32. Bd3 Nb7 33. Kf2 a5 34. Rb1 Kd6 35. Ke3 Ke7 36. Be4 axb4 37. Bxb7
Rxb7 38. axb4 Kd6 39. Kd4 Ra7 40. Rb3 Rb7 41. b5 Rb6 42. Ke4 Rb8 43. Rd3+
Ke7 1-0

[Event "36th Olympiad w"]
[Site "Calvia ESP"]
[Date "2004.10.15"]
[Round "1"]
[White "Sultana,Z2"]
[Black "Benderac,A"]
[Result "0-1"]
[WhiteElo "2056"]
[BlackElo "2299"]
[EventDate "2004.10.15"]

1. d4 d5 2. Nf3 e6 3. e3 c6 4. Bd3 f5 5. Nbd2 Nf6 6. Ne5 Nbd7 7. Ndf3 Bd6
8. h3 Qc7 9. Nxd7 Bxd7 10. O-O O-O 11. c4 Ne4 12. Qc2 Be8 13. c5 Be7 14.
Nd2 Bh5 15. Nxe4 fxe4 16. Be2 Bxe2 17. Qxe2 Rf5 18. Bd2 Raf8 19. Rac1 Bh4
20. Be1 Qf7 21. Rc2 h5 22. b4 g5 23. a4 Bg3 24. b5 Bb8 25. Ba5 Qg6 26. Rcc1
g4 27. Kh1 gxh3 28. gxh3 Rf3 0-1

[Event "36th Olympiad w"]
[Site "Calvia ESP"]
[Date "2004.10.15"]
[Round "1"]
[White "Repkova,E"]
[Black "Ortiz,Na"]
[Result "1/2-1/2"]
[WhiteElo "2410"]
[BlackElo "2148"]
[EventDate "2004.10.15"]

1. e4 e5 2. Bc4 Bc5 3. Nf3 Nc6 4. c3 Nf6 5. d3 d6 6. O-O a6 7. Bb3 Ba7 8.
Nbd2 O-O 9. h3 h6 10. Re1 Nh5 11. Nc4 Qf6 12. Ne3 Nf4 13. Ng4 Bxg4 14. hxg4
g5 15. Be3 Kg7 16. d4 Rh8 17. g3 h5 18. dxe5 dxe5 19. gxf4 hxg4 20. fxg5
Qxf3 21. Qxf3 gxf3 22. Bxa7 Rh5 23. Bd1 Nxa7 24. Bxf3 Rxg5+ 25. Kf1 Rg6 26.
Rad1 Rd6 27. Rxd6 cxd6 28. Bd1 Nc6 29. Bb3 Ne7 30. Ke2 Ng6 31. Ke3 Rh8 32.
Rd1 Rd8 33. a4 Kf6 34. a5 Nf4 35. Rh1 Ke7 36. Rg1 Rc8 37. Rg7 Ne6 38. Rg1
1/2-1/2

[Event "36th Olympiad w"]
[Site "Calvia ESP"]
[Date "2004.10.15"]
[Round "1"]
[White "Franco,A"]
[Black "Pokorna,Reg"]
[Result "1/2-1/2"]
[WhiteElo "2046"]
[BlackElo "2370"]
[EventDate "2004.10.15"]

1. e4 e5 2. Nf3 Nc6 3. Bb5 a6 4. Ba4 Nf6 5. d4 exd4 6. O-O Be7 7. e5 Ne4 8.
b4 O-O 9. a3 f6 10. Bb2 Nxe5 11. Nxd4 d5 12. Bb3 c6 13. Qe2 Nd6 14. Nd2 Nf5
15. Kh1 Bd6 16. Rae1 Kh8 17. c4 Nxd4 18. Bxd4 Bg4 19. Qe3 dxc4 20. Nxc4
Nxc4 21. Bxc4 Qd7 22. Qc3 Rad8 23. Bb6 Rde8 24. f3 Be6 25. Bd3 Bd5 26. Qc2
Qf7 27. Bc5 Rxe1 28. Rxe1 Re8 29. Qd2 Rxe1+ 30. Qxe1 Bxc5 31. bxc5 g6 32.
Kg1 Kg7 33. Kf2 Qc7 34. Qb4 a5 35. Qe1 Kf7 36. Qb1 Be6 37. Qb2 Bc8 38. g3
Be6 39. Qd4 Qe5 40. Qe3 Bd5 41. Be2 Ke6 42. f4 Qe4 43. Bd3 Qxe3+ 44. Kxe3
Bg2 45. Kd4 Bh3 46. Be2 Bg2 47. Bd3 Bd5 48. Bc2 Kd7 49. Bd1 Kc7 50. g4 b5
51. cxb6+ Kxb6 52. h4 Be6 53. g5 c5+ 54. Kc3 fxg5 55. hxg5 Kc6 56. Bc2 Kd6
57. Bd1 Bd5 58. Kd3 Ba2 59. Bg4 Bb1+ 60. Kc4 Ba2+ 61. Kc3 Kc6 62. Bf3+ Kb5
63. Bd1 Be6 64. Bc2 Bf5 65. Bd1 Kc6 66. Bf3+ Kb5 67. Bd1 Kc6 68. Bf3+ Kb5
69. Bd1 1/2-1/2

[Event "36th Olympiad w"]
[Site "Calvia ESP"]
[Date "2004.10.15"]
[Round "1"]
[White "Hagarova,Z"]
[Black "Palao,M"]
[Result "1/2-1/2"]
[WhiteElo "2351"]
[BlackElo "2128"]
[EventDate "2004.10.15"]

1. e4 c5 2. Nf3 e6 3. d4 cxd4 4. Nxd4 Qb6 5. Nb3 Qc7 6. Bd3 Nf6 7. Nc3 a6
8. Bg5 Be7 9. Qe2 d6 10. a4 b6 11. O-O O-O 12. f4 Nbd7 13. Rae1 e5 14. Kh1
h6 15. Bh4 Bb7 16. fxe5 dxe5 17. Rf3 Rfe8 18. Ref1 Nf8 19. Bc4 Ne6 20. Bxe6
fxe6 21. Rg3 Rf8 22. Bxf6 Bxf6 23. Qg4 Qe7 24. Rd3 Bg5 25. Rxf8+ Rxf8 26.
Qd1 Qb4 27. Rf3 Bxe4 28. Rxf8+ Kxf8 29. Qe2 Bc6 30. Qxe5 Qf4 31. Qxf4+ Bxf4
32. Nd4 Bd7 33. Nce2 Be3 34. b3 Ke7 35. h3 Kd6 36. Nf3 e5 37. g4 Bc6 38.
Kg2 Be4 39. c3 Bc2 40. Nh4 Ke6 41. b4 g5 42. Kf3 Bd2 43. Nf5 Bxf5 44. gxf5+
Kxf5 45. Ng3+ Ke6 46. Ne4 1/2-1/2

[Event "36th Olympiad w"]
[Site "Calvia ESP"]
[Date "2004.10.15"]
[Round "1"]
[White "Vajda,S"]
[Black "Maeckelberg,M"]
[Result "1-0"]
[WhiteElo "2369"]
[BlackElo "2020"]
[EventDate "2004.10.15"]

1. e4 Nf6 2. e5 Nd5 3. d4 d6 4. c4 Nb6 5. exd6 exd6 6. Nc3 Be7 7. h3 Bf5 8.
Qf3 Qc8 9. Be3 Nc6 10. c5 dxc5 11. dxc5 Ne5 12. Qg3 Nbd7 13. Qxg7 Bf6 14.
Qg3 c6 15. Qf4 Bd3 16. Ne4 Be7 17. Rd1 Bxf1 18. Kxf1 Rg8 19. Ne2 Qc7 20.
N2g3 O-O-O 21. Nf5 Nf6 22. Nfd6+ Bxd6 23. Nxd6+ Kb8 24. Qxf6 Nc4 25. Rd4
Nxd6 26. Rxd6 Qa5 27. g3 Rde8 28. Kg2 Qxa2 29. Rhd1 1-0

[Event "36th Olympiad w"]
[Site "Calvia ESP"]
[Date "2004.10.15"]
[Round "1"]
[White "Stolarczyk,An"]
[Black "Lakos,N"]
[Result "0-1"]
[WhiteElo "2006"]
[BlackElo "2359"]
[EventDate "2004.10.15"]

1. d4 Nf6 2. c4 e6 3. Nc3 Bb4 4. Qc2 c5 5. Nf3 cxd4 6. Nxd4 O-O 7. e3 b6 8.
Bd3 Bb7 9. O-O h6 10. Ne4 Ng4 11. h3 Ne5 12. Be2 a6 13. b3 d5 14. cxd5 Qxd5
15. f3 Rc8 16. Qd1 Qd8 17. Bb2 Bxe4 18. fxe4 Nbd7 19. Nf3 Bc3 20. Bxc3
Nxf3+ 21. Bxf3 Rxc3 22. Qd2 Rac8 23. Rac1 Rxc1 24. Rxc1 Rxc1+ 25. Qxc1 Ne5
26. Qc3 Qd6 27. Be2 a5 28. a4 Kf8 29. Bb5 Ke7 30. Kf2 Kf6 31. Ke2 Ke7 32.
Qc2 Kf6 33. Qc3 Qb4 34. Qxb4 axb4 35. g3 Ke7 36. Kf2 Kd6 37. Ke2 f6 38. Be8
Kc5 39. g4 Kd6 40. Bb5 Nf7 41. Kd3 Kc5 42. Be8 Ng5 43. h4 Nf3 44. h5 Ne5+
45. Kd2 Nxg4 46. Bg6 Kd6 47. Bh7 Ne5 48. Ke2 Ke7 49. Kd2 Kf7 50. Ke2 g6 51.
Bxg6+ Nxg6 52. hxg6+ Kxg6 0-1

[Event "36th Olympiad w"]
[Site "Calvia ESP"]
[Date "2004.10.15"]
[Round "1"]
[White "Mkrtchian,L"]
[Black "Siti,Z"]
[Result "1-0"]
[WhiteElo "2374"]
[BlackElo "2162"]
[EventDate "2004.10.15"]

1. e4 e5 2. Nf3 Nf6 3. Nxe5 d6 4. Nf3 Nxe4 5. Nc3 Nxc3 6. dxc3 Be7 7. Bf4
Nd7 8. Qd2 O-O 9. O-O-O a5 10. h4 Nc5 11. Be3 Ne4 12. Qd4 Nf6 13. Bd3 c5
14. Qf4 d5 15. h5 h6 16. Qg3 Bd6 17. Bf4 Bxf4+ 18. Qxf4 Be6 19. Ne5 Qb8 20.
f3 Re8 21. Rde1 c4 22. Bf5 b5 23. g4 Bxf5 24. Qxf5 Qc8 25. Qf4 Ra6 26. g5
hxg5 27. Qxg5 Nh7 28. Qg3 Qf5 29. Rhg1 g6 30. hxg6 fxg6 31. Ng4 Qf8 32. Re5
Rae6 33. f4 b4 34. Rxe6 Rxe6 35. f5 Rc6 36. fxg6 Ng5 37. Ne5 Ne4 38. Qh4
Kg7 39. Nf7 Rxg6 40. Qh6+ 1-0

[Event "36th Olympiad w"]
[Site "Calvia ESP"]
[Date "2004.10.15"]
[Round "1"]
[White "Andriasian,S"]
[Black "Roslina,M"]
[Result "0-1"]
[WhiteElo "2206"]
[BlackElo "2028"]
[EventDate "2004.10.15"]

1. e4 e6 2. d4 d5 3. Nc3 Nf6 4. Bg5 Be7 5. e5 Nfd7 6. Bxe7 Qxe7 7. f4 a6 8.
Nf3 h6 9. Qd2 c5 10. dxc5 Nc6 11. O-O-O Nxc5 12. Qe3 b5 13. f5 Qa7 14. Kb1
b4 15. Ne2 Ne4 16. Ned4 Qb6 17. Qe1 Nxd4 18. Nxd4 exf5 19. g4 f4 20. Bg2
O-O 21. Rg1 Qb7 22. Bxe4 dxe4 23. g5 h5 24. g6 Bg4 25. gxf7+ Rxf7 26. Rd2
e3 27. Rd3 Re8 28. Qh4 Rxe5 29. h3 Bc8 30. Ne2 Qe7 31. Rd8+ Rf8 32. Rxf8+
Qxf8 33. Nxf4 Rf5 34. Ne2 Rf1+ 35. Rxf1 Qxf1+ 36. Nc1 e2 37. Qc4+ Kh7 38.
Qe4+ Bf5 39. Qxe2 Qxe2 40. Nxe2 Bxh3 41. Kc1 g5 42. Kd2 Kg6 43. Ke3 Be6 44.
a3 bxa3 45. bxa3 h4 46. Kf3 Kf5 47. Nd4+ Ke5 48. Nc6+ Kd6 49. Nd4 Bd7 50.
c3 Kc5 51. Nb3+ Kc4 52. Nd2+ Kxc3 53. Ne4+ Kb3 54. Nxg5 Kxa3 0-1

[Event "36th Olympiad w"]
[Site "Calvia ESP"]
[Date "2004.10.15"]
[Round "1"]
[White "Schuurman,P"]
[Black "Cinar Corlulu,N"]
[Result "1-0"]
[WhiteElo "2333"]
[BlackElo "2053"]
[EventDate "2004.10.15"]

1. d4 d5 2. c4 e6 3. Nc3 c5 4. cxd5 cxd4 5. Qa4+ Bd7 6. Qxd4 exd5 7. Qxd5
Nc6 8. Nf3 Nf6 9. Qd1 Bc5 10. e3 Qe7 11. Be2 O-O-O 12. O-O g5 13. b4 g4 14.
Nd4 Bb6 15. Bb2 Rhg8 16. Na4 Bc7 17. Nb5 Bb8 18. Rc1 Ne4 19. g3 h5 20. Qd4
Bc7 21. Qd5 Rg5 22. Nxc7 Rxd5 23. Nxd5 Qg5 24. Nf4 Kb8 25. Nc5 Bf5 26. Nxe4
Bxe4 27. Rc5 Qe7 28. Bc3 h4 29. Bxg4 hxg3 30. hxg3 b6 31. Rh5 Rg8 32. Bh3
Bf3 33. Rf5 Nxb4 34. Be5+ Ka8 35. Nh5 Bb7 36. Nf6 Rd8 37. g4 Nxa2 38. Bg3
Nc3 39. Kh2 Qd7 40. Nxd7 1-0

[Event "36th Olympiad w"]
[Site "Calvia ESP"]
[Date "2004.10.15"]
[Round "1"]
[White "Topel,Z"]
[Black "Muhren,B"]
[Result "0-1"]
[WhiteElo "2062"]
[BlackElo "2343"]
[EventDate "2004.10.15"]

1. d4 d5 2. c4 dxc4 3. Nc3 e6 4. e3 Nf6 5. Bxc4 a6 6. Nf3 c5 7. a4 Nc6 8.
O-O cxd4 9. exd4 Be7 10. Bg5 O-O 11. Qd2 Nb4 12. Rfe1 Re8 13. Rad1 b6 14.
d5 Nbxd5 15. Nxd5 Nxd5 16. Bxd5 exd5 17. Bxe7 Rxe7 18. Rxe7 Qxe7 19. Re1
Be6 20. Qxd5 Bxd5 21. Rxe7 Kf8 22. Rc7 Rd8 0-1